ბათუმის შოთა რუსთაველის სახელმწიფო უნივერსიტეტის ბიბლიოთეკა

Каталитические свойства веществ. (ბიბ.ჩანაწერი № 37013)

000 -LEADER
fixed length control field 00741nam a2200217Ia 4500
001 - CONTROL NUMBER
control field 2965
003 - CONTROL NUMBER IDENTIFIER
control field GE_BSU
008 - FIXED-LENGTH DATA ELEMENTS--GENERAL INFORMATION
fixed length control field 181216s||||||||xx |||||||||||||| ||und||
040 ## - CATALOGING SOURCE
Transcribing agency GE_BSU
080 ## - UNIVERSAL DECIMAL CLASSIFICATION NUMBER
Universal Decimal Classification number 541.128(03)
100 ## - MAIN ENTRY--PERSONAL NAME
Personal name Бакуменко,Т.Т. Белая,А.А. Вольфсон,В.Я. и др.
245 ## - TITLE STATEMENT
Title Каталитические свойства веществ.
245 ## - TITLE STATEMENT
Remainder of title Справочник.
245 ## - TITLE STATEMENT
Statement of responsibility, etc. Под общей ред. В.Я.Ройтера, ред.:Н.Д.Чепур, Э.Е.Гриценко.
260 ## - PUBLICATION, DISTRIBUTION, ETC.
Place of publication, distribution, etc. Киев.
260 ## - PUBLICATION, DISTRIBUTION, ETC.
Name of publisher, distributor, etc. Наукова Думка.
260 ## - PUBLICATION, DISTRIBUTION, ETC.
Date of publication, distribution, etc. 1968.
300 ## - PHYSICAL DESCRIPTION
Extent 1462стр.25см.
653 ## - INDEX TERM--UNCONTROLLED
Uncontrolled term Каталитические свойства веществ.
942 ## - ADDED ENTRY ELEMENTS (KOHA)
Koha item type წიგნი
ეგზემპლარები
Withdrawn status Lost status Damaged status Not for loan Date acquired Barcode Date last seen Price effective from Koha item type
        2018-12-17 9623 2018-12-17 2018-12-17 წიგნი